000 00530nam a22001817a 4500
005 20251108164205.0
008 250721s1992 xx 000 0 ara d
082 1 4 _a211.53/عبد
100 1 _aالصعيدي، عبد المتعال
245 1 0 _aالنظم الفني في القرآن /
264 1 _aالقاهرة :
_bمكتبة الأداب،
_c1992.
300 _a392ص.
650 1 7 _aالقرآن الكريم
650 1 7 _aترتيب
650 1 7 _aالآيات القرآنية
942 _2ddc
_cBK
999 _c5927
_d5927